000 00422nam a2200157 u 4500
001 000020718
005 20200930011142.0
008 100813s1997 xxu r 000 0 spa d
020 _a0070644349
040 _aDO-SdBNP
_bspa
_cBPJMB
082 _axxxx
_bD722m
245 0 0 _aDos mundos /
_cTracy D. Terrell ... [et. al.].
250 _a4a ed.
260 _aBoston :
_bMcGraw-Hill,
_c1997.
300 _a540 p. :
_bil. ;
_c25 cm.
999 _c20222
_d20222